书目信息 |
| 题名: |
新时代大学进阶英语
|
|
| 作者: | 王欣, , 尹晓倩 , 石坚, , 邹申, , 金雯 主编 | |
| 分册: | 1 综合教程教学参考书 | |
| 出版信息: | 南京 南京大学出版社 2021.04 |
|
| 页数: | 11, 322页 | |
| 开本: | 28cm | |
| 丛书名: | ||
| 单 册: | ||
| 中图分类: | H319.39 | |
| 科图分类: | ||
| 主题词: | 英语--ying yu--高等学校--教材 , 英语--ying yu--高等学校--教学参考资料 | |
| 电子资源: | ||
| ISBN: | 978-7-305-24313-4 | |
| 000 | 01519nam 2200349 450 | |
| 001 | CAL 012022048952 | |
| 005 | 20230307174626.75 | |
| 010 | @a978-7-305-24313-4@dCNY90.00 | |
| 100 | @a20221110d2021 em y0chiy0120 ea | |
| 101 | 0 | @achi@aeng |
| 102 | @aCN@b320000 | |
| 105 | @aa z 000yy | |
| 106 | @ar | |
| 200 | 1 | @a新时代大学进阶英语@Axin shi dai da xue jin jie ying yu@i综合教程教学参考书@h1@d= Intermediate college English for new era@iReading, writing and critical thinking with Chinese classics@h1@f石坚, 邹申, 金雯总主编@zeng |
| 205 | @a第2版 | |
| 210 | @a南京@c南京大学出版社@d2021.04 | |
| 215 | @a11, 322页@c彩图@d28cm | |
| 314 | @a书内题: 王欣, 尹晓倩本册主编 | |
| 330 | @a本书共六个单元, 每单元分六个部分, 包含了中国古代和现代文明与文化的名人名言、单元的主题文章、视频观看训练及相关问题讨论、段落和篇章写作训练、快速阅读等。 | |
| 333 | @a“十二五”全国普通高等教育本科规划教材 | |
| 510 | 1 | @aIntermediate college English for new era@iReading, writing and critical thinking with Chinese classics@h1@zeng |
| 517 | 1 | @a综合教程教学参考书@Azong he jiao cheng jiao xue can kao shu |
| 606 | 0 | @a英语@Aying yu@x高等学校@j教材 |
| 606 | 0 | @a英语@Aying yu@x高等学校@j教学参考资料 |
| 690 | @aH319.39@v5 | |
| 701 | 0 | @a王欣,@Awang xin@f1971-@4主编 |
| 701 | 0 | @a尹晓倩@Ayin xiao qian@4主编 |
| 701 | 0 | @a石坚,@Ashi jian@f1952-@4主编 |
| 701 | 0 | @a邹申,@Azou shen@f1956-@4主编 |
| 701 | 0 | @a金雯@Ajin wen@4主编 |
| 801 | 0 | @aCN@bBJXHZP@c20230228 |
| 905 | @b1408171-3@dH319.39@e1481=2:1@f3 | |
| 新时代大学进阶英语.综合教程教学参考书.1= Intermediate college English for new era.Reading, writing and critical thinking with Chinese classics.1/石坚, 邹申, 金雯总主编.-第2版.-南京:南京大学出版社,2021.04 |
| 11, 322页:彩图;28cm |
| 使用对象:“十二五”全国普通高等教育本科规划教材 |
| ISBN 978-7-305-24313-4:CNY90.00 |
| 本书共六个单元, 每单元分六个部分, 包含了中国古代和现代文明与文化的名人名言、单元的主题文章、视频观看训练及相关问题讨论、段落和篇章写作训练、快速阅读等。 |
| ● |
| 相关链接 |
|
|
|
|
正题名:新时代大学进阶英语
索取号:H319.39/1481=2:1
 
预约/预借
| 序号 | 登录号 | 条形码 | 馆藏地/架位号 | 状态 | 备注 |
| 1 | 1408171 | 214081713 | 第二样本阅览室/ [索取号:H319.39/1481=2:1] | 在馆 | |
| 2 | 1408172 | 214081722 | 第四借阅区/ [索取号:H319.39/1481=2:1] | 在馆 | |
| 3 | 1408173 | 214081731 | 第四借阅区/ [索取号:H319.39/1481=2:1] | 在馆 |